[Event "Detroit (MOR/7/13)"]
[Site "?"]
[Date "1990.??.??"]
[Round "?"]
[White "Rosebrook, G."]
[Black "Calton, David A"]
[Result "0-1"]
[WhiteElo "1605"]
[BlackElo "1605"]
[PlyCount "82"]
[EventDate "1990.??.??"]

{7/(13)} 1. e4 g6 2. Nf3 Bg7 3. c3 d6 4. d4 Nc6 5. Bb5 Bd7 6. Nbd2 a6 7. Ba4 e5
8. Qb3 exd4 9. Bxc6 Bxc6 10. cxd4 Rc8 11. O-O Ne7 12. Re1 O-O 13. Nc4 d5 14.
Ncd2 dxe4 15. Nxe4 Bxe4 16. Rxe4 Nf5 17. Bg5 Qd7 18. Rd1 b5 19. h3 Rfe8 20. Qc2
Rxe4 21. Qxe4 Re8 22. Qf4 f6 23. g4 fxg5 24. Qxg5 Nh6 25. d5 Nf7 26. Qc1 Re2
27. Rd2 Rxd2 28. Qxd2 c6 29. Qa5 Qxd5 30. Nh2 Bxb2 31. Qxa6 Be5 32. Nf1 Ng5 33.
Qc8+ Kg7 34. Ne3 Nxh3+ 35. Kf1 Qf7 36. Nf5+ gxf5 37. gxf5 Qc4+ 38. Kg2 Nf4+ 39.
Kf3 Qd3+ 40. Kg4 Qh3+ 41. Kg5 Qh5# 0-1

[Event "Flint (MI Senior/2/6)"]
[Site "?"]
[Date "1990.??.??"]
[Round "?"]
[White "Rosebrook, G."]
[Black "Brady, Lindell"]
[Result "0-1"]
[WhiteElo "1605"]
[BlackElo "1945"]
[PlyCount "82"]
[EventDate "1990.??.??"]

{2/(6)} 1. e4 e5 2. Nf3 Nc6 3. Bc4 Be7 4. c3 d6 5. O-O Nf6 6. Re1 O-O 7. d3 Na5
8. Na3 Nxc4 9. Nxc4 c5 10. h3 h6 11. b3 Nh7 12. d4 cxd4 13. cxd4 exd4 14. Nxd4
Bf6 15. Ba3 b5 16. Nxd6 b4 17. Bxb4 Qb6 18. e5 Qxb4 19. exf6 Qxd6 20. fxg7 Rd8
21. Nf3 Qxd1 22. Raxd1 Be6 23. Rc1 Rac8 24. Rb1 Kxg7 25. g4 Ng5 26. Nxg5 hxg5
27. Re5 Rd5 28. Rxd5 Bxd5 29. Kh2 Rc2 30. Kg3 Rxa2 31. b4 Ra3+ 32. Kh2 Rb3 33.
Rxb3 Bxb3 34. Kg3 Kf6 35. f4 gxf4+ 36. Kxf4 a6 37. h4 Kg6 38. h5+ Kh6 39. Kf5
Be6+ 40. Kf4 f6 41. Kg3 Kg5 0-1

[Event "Detroit (MOR/5/42)"]
[Site "?"]
[Date "1990.??.??"]
[Round "?"]
[White "Rompre, J."]
[Black "Turner, Keita"]
[Result "0-1"]
[WhiteElo "1605"]
[BlackElo "1605"]
[PlyCount "81"]
[EventDate "1990.??.??"]

{5/(42)} 1. e4 e5 2. Nf3 Nc6 3. Bc4 Bc5 4. c3 Nf6 5. d4 exd4 6. cxd4 Bb4+ 7.
Nc3 d5 8. exd5 Nxd5 9. O-O Bxc3 10. bxc3 O-O 11. Qb3 Na5 12. Qb5 c6 13. Bg5
cxb5 14. Bxd8 Nxc4 15. Bg5 h6 16. Bh4 Nxc3 17. Rfe1 Bf5 18. Be7 Rfe8 19. a4
Nxa4 20. Rac1 Nab6 21. Bc5 Be6 22. Ne5 Nxe5 23. dxe5 Nc4 24. f4 a5 25. Kf2 Red8
26. Be7 Rd7 27. Bh4 Rd2+ 28. Re2 Rxe2+ 29. Kxe2 b4 30. Be1 b3 31. Bc3 a4 32. h3
a3 33. g4 b2 34. Rd1 a2 35. Bxb2 Nxb2 36. Ra1 Na4 37. Kd2 Nc5 38. Kc2 Nb3 39.
Kb2 Nxa1 40. Kxa1 Ra4 41. f5 0-1

[Event "Detroit (MOR/7/35)"]
[Site "?"]
[Date "1990.??.??"]
[Round "?"]
[White "Rompre, J."]
[Black "Lingar, R."]
[Result "0-1"]
[WhiteElo "1605"]
[BlackElo "1605"]
[PlyCount "80"]
[EventDate "1990.??.??"]

{7/(35)} 1. d4 d5 2. c4 e6 3. Nf3 c5 4. e3 Nc6 5. dxc5 Bxc5 6. cxd5 exd5 7. Bb5
Qa5+ 8. Nc3 Bb4 9. Bxc6+ bxc6 10. Bd2 Nf6 11. O-O Ne4 12. Nxe4 dxe4 13. Bxb4
Qxb4 14. Nd2 O-O 15. Nb3 Be6 16. Nd4 Qxb2 17. Nxe6 fxe6 18. Qc1 Qxc1 19. Rfxc1
Rac8 20. Rc5 Rf5 21. Rac1 Rxc5 22. Rxc5 h6 23. Kf1 Kf7 24. Re5 Rb8 25. Ra5 Rb7
26. g3 g5 27. Kg2 Kf6 28. g4 Rc7 29. Rc5 e5 30. f3 exf3+ 31. Kxf3 Ke6 32. Ke4
Kd6 33. Rxe5 c5 34. Rd5+ Kc6 35. h4 Re7+ 36. Re5 Rxe5+ 37. Kxe5 gxh4 38. Kf4 c4
39. e4 c3 40. Ke3 h3 0-1

[Event "Detroit (MOR/1a/16)"]
[Site "?"]
[Date "1990.??.??"]
[Round "?"]
[White "Rompre, J."]
[Black "DeJongh, John"]
[Result "0-1"]
[WhiteElo "1605"]
[BlackElo "1685"]
[PlyCount "112"]
[EventDate "1990.??.??"]

1. e4 c6 2. d4 d5 3. Nc3 dxe4 4. Nxe4 Nd7 5. Bd3 Ngf6 6. Ng3 e6 7. Nf3 Be7 8.
O-O h6 9. Re1 O-O 10. c3 c5 11. Bf4 cxd4 12. cxd4 Nd5 13. Bd2 b6 14. Qc2 g5 15.
a3 Bb7 16. Qd1 Re8 17. Ne5 Nxe5 18. dxe5 Nf4 19. Bxf4 gxf4 20. Nh5 Kh8 21. Nxf4
Rg8 22. Qh5 Bg5 23. Qxf7 Qe7 24. Ng6+ Rxg6 25. Bxg6 Qxf7 26. Bxf7 Bd5 27. g3
Rc8 28. f4 Be7 29. b4 Rc2 30. Bg6 Rg2+ 31. Kh1 Rxg3+ 32. Be4 Bxe4+ 33. Rxe4 Rc3
34. Re2 Rf3 35. Re4 a5 36. Kg2 Rc3 37. Kf1 Kg7 38. bxa5 bxa5 39. a4 Bb4 40. Kg2
Kg6 41. Re2 Kf5 42. Rf2 Bc5 43. Rf3 Rc2+ 44. Kg3 h5 45. h3 Be7 46. Re3 h4+ 47.
Kf3 Bc5 48. Re2 Rc3+ 49. Kg2 Rg3+ 50. Kh2 Rf3 51. Rg2 Rxf4 52. Rg4 Rxg4 53.
hxg4+ Kxg4 54. Rf1 Bd4 55. Rf6 Bxe5+ 56. Kg2 Bxf6 0-1

[Event "Detroit (MI Op/4/4)"]
[Site "?"]
[Date "1990.??.??"]
[Round "?"]
[White "Rogers, Bradley"]
[Black "Stone, Ray"]
[Result "0-1"]
[WhiteElo "2160"]
[BlackElo "2435"]
[PlyCount "72"]
[EventDate "1990.??.??"]

{4/(4)} 1. d4 Nf6 2. c4 e6 3. Nc3 Bb4 4. e3 O-O 5. Nge2 d5 6. a3 Be7 7. Nf4 c6
8. Be2 Bd6 9. O-O Nbd7 10. cxd5 exd5 11. Nd3 a5 12. f4 Nb6 13. Ne5 Re8 14. Bd3
Qe7 15. Qe2 Nfd7 16. Bd2 Nf8 17. Qf2 f6 18. Nf3 Be6 19. Rae1 Qd7 20. Nh4 Bc7
21. e4 dxe4 22. Nxe4 Bc4 23. Bxc4+ Nxc4 24. Bc3 Qd5 25. Ng3 Nd6 26. Qc2 Kh8 27.
Nhf5 Nxf5 28. Nxf5 Ng6 29. g3 Bb6 30. Rxe8+ Rxe8 31. Rd1 c5 32. Qd3 Nf8 33. Kf2
cxd4 34. Bxd4 Rd8 35. Ke3 g6 36. Bxb6 Qe6+ 0-1

[Event "Lansing (Apr)"]
[Site "?"]
[Date "1990.??.??"]
[Round "?"]
[White "Rogers, Bradley"]
[Black "Schoonmaker, John"]
[Result "0-1"]
[WhiteElo "2235"]
[BlackElo "1995"]
[PlyCount "176"]
[EventDate "1990.??.??"]

1. d4 d5 2. c4 e6 3. Nc3 Nf6 4. Bg5 Be7 5. e3 O-O 6. Nf3 Nbd7 7. Rc1 h6 8. Bh4
c6 9. cxd5 exd5 10. Bd3 Ne4 11. Bg3 Nxg3 12. hxg3 Nf6 13. Ne5 Bd6 14. f4 Bxe5
15. fxe5 Bg4 16. Be2 Bxe2 17. Qxe2 Nh7 18. Kd2 f6 19. Qg4 Ng5 20. Rcf1 Qb6 21.
exf6 Qxb2+ 22. Kd3 c5 23. dxc5 Qxg2 24. Rfg1 Qf3 25. Qd7 Qxf6 26. Rf1 Qg6+ 27.
Kd2 Rfd8 28. Qf5 Qa6 29. Kc2 Ne4 30. Nxe4 Qxa2+ 31. Kc1 Qc4+ 32. Kb2 dxe4 33.
Rd1 Qe2+ 34. Kc1 Qxe3+ 35. Kc2 Qe2+ 36. Kc1 Qc4+ 37. Kb2 Rd3 38. Rxd3 exd3 39.
Rc1 Qb4+ 40. Ka2 Qa4+ 41. Kb1 Qb3+ 42. Ka1 Qa3+ 43. Kb1 Qb3+ 44. Ka1 Re8 45.
Qd7 Re2 46. Qc8+ Kh7 47. Qf5+ Kh8 48. Qf8+ Qg8 49. Qxg8+ Kxg8 50. Rd1 Re3 51.
g4 Kf7 52. Kb2 Ke6 53. Kc3 Kd5 54. Rb1 Kc6 55. Ra1 Rg3 56. Rxa7 d2+ 57. Kxd2
Rxg4 58. Kd3 Rg5 59. Ra8 Kxc5 60. Rc8+ Kb5 61. Rc7 b6 62. Rf7 h5 63. Rf4 g6 64.
Rf1 Rg4 65. Kc3 h4 66. Rb1+ Kc5 67. Kd3 b5 68. Ke3 b4 69. Kf3 Rg3+ 70. Kf2 Kc4
71. Re1 g5 72. Re8 b3 73. Rc8+ Kd3 74. Rb8 Kc2 75. Rc8+ Rc3 76. Rg8 Rc5 77. Kf3
b2 78. Rb8 b1=Q 79. Rxb1 Kxb1 80. Kg4 Kc2 81. Kh3 Rc4 82. Kg2 g4 83. Kh2 Kd2
84. Kg2 Ke2 85. Kh2 Rc3 86. Kg2 h3+ 87. Kh2 Rd3 88. Kg1 g3 0-1

[Event "Detroit (MI Op/2/14)"]
[Site "?"]
[Date "1990.??.??"]
[Round "?"]
[White "Rogers, Bradley"]
[Black "Raftshol, W."]
[Result "1/2-1/2"]
[WhiteElo "2160"]
[BlackElo "1870"]
[PlyCount "69"]
[EventDate "1990.??.??"]

{2/(14)} 1. d4 Nf6 2. c4 g6 3. Nc3 d5 4. cxd5 Nxd5 5. e4 Nf6 6. f3 Bg7 7. Be3
O-O 8. Bc4 Nc6 9. Nge2 e5 10. d5 Ne7 11. Qd2 Ne8 12. Rd1 Nd6 13. Bb3 Bd7 14.
O-O f5 15. exf5 Nexf5 16. Bg5 Qe8 17. g4 h6 18. gxf5 hxg5 19. fxg6 Qxg6 20. Bc2
Bf5 21. Bxf5 Rxf5 22. Ng3 Rf4 23. Rf2 Raf8 24. Rdf1 Nf5 25. Nxf5 Qxf5 26. Ne2
Rc4 27. Ng3 Qf4 28. Qd3 Qd4 29. Qg6 Rxf3 30. Qe8+ Bf8 31. Qe6+ Kh8 32. Kg2 Rf4
33. Qh3+ Kg8 34. Qe6+ Kh8 35. Qh3+ 1/2-1/2

[Event "Lansing (MI Inv/7)"]
[Site "?"]
[Date "1990.??.??"]
[Round "?"]
[White "Rogers, Bradley"]
[Black "Noren, Kevin"]
[Result "0-1"]
[WhiteElo "2225"]
[BlackElo "2265"]
[PlyCount "116"]
[EventDate "1990.??.??"]

1. d4 f5 2. e4 fxe4 3. Nc3 Nf6 4. Bg5 Nc6 5. d5 Ne5 6. Qd4 Nf7 7. Bxf6 exf6 8.
O-O-O f5 9. f3 Bd6 10. fxe4 Be5 11. Qd3 f4 12. Nf3 O-O 13. d6 Bxd6 14. Nb5 Be7
15. Qc3 c6 16. Nbd4 d6 17. Bc4 Kh8 18. Qb3 Ng5 19. Nxg5 Bxg5 20. Nf3 Qe7 21.
Rxd6 b5 22. Bd3 Qxd6 23. Nxg5 Qe7 24. h4 a5 25. Qc3 Bd7 26. Nf3 b4 27. Qd4 c5
28. Qd5 Bg4 29. e5 Rad8 30. Qe4 Bf5 31. Qe2 Bxd3 32. cxd3 Rde8 33. h5 Rf5 34.
Kb1 Kg8 35. h6 g6 36. Qc2 Qd7 37. Rd1 Qd5 38. d4 c4 39. Qa4 Rd8 40. Kc1 b3 41.
a3 Rc8 42. Re1 Rf7 43. e6 Re7 44. Re5 Qd6 45. Qxa5 Rxe6 46. Qa7 Kf8 47. Qg7+
Ke8 48. Qg8+ Kd7 49. Qf7+ Re7 50. Rxe7+ Qxe7 51. Qd5+ Kc7 52. Qa5+ Kb8 53. Ne5
Qb7 54. d5 Qa7 55. Nc6+ Rxc6 56. Qxa7+ Kxa7 57. dxc6 g5 58. Kd2 g4 0-1

[Event "Detroit (MCO/1/8)"]
[Site "?"]
[Date "1990.??.??"]
[Round "?"]
[White "Rogers, Bradley"]
[Black "Nixon, Peter"]
[Result "1-0"]
[WhiteElo "2160"]
[BlackElo "1605"]
[PlyCount "77"]
[EventDate "1990.??.??"]

{1/(8)} 1. d4 d5 2. c4 c6 3. Nc3 Nf6 4. Bg5 e6 5. e3 Nbd7 6. Nf3 Be7 7. Bd3 O-O
8. O-O Re8 9. Rc1 b6 10. h3 Bb7 11. Bf4 Rc8 12. Qe2 c5 13. Rfe1 cxd4 14. exd4
dxc4 15. Bxc4 Bxf3 16. gxf3 Bb4 17. Ba6 Bxc3 18. bxc3 Nd5 19. Bd2 Rc6 20. Bb7
Rd6 21. c4 Nc7 22. Be3 e5 23. dxe5 Rg6+ 24. Kh2 Rxe5 25. Rcd1 Ne6 26. Be4 Qc7
27. Rxd7 Qxd7 28. Bxg6 hxg6 29. Qd2 Qe7 30. Rd1 Qh4 31. Rg1 Rh5 32. Rg3 Ng5 33.
Bxg5 Qxc4 34. Be3 Rd5 35. Qc1 Qxa2 36. Rg4 Kf8 37. Qc8+ Ke7 38. Re4+ Kd6 39.
Bf4+ 1-0

[Event "Detroit (MCO/3/5)"]
[Site "?"]
[Date "1990.??.??"]
[Round "?"]
[White "Rogers, Bradley"]
[Black "Minskey, Charles"]
[Result "1-0"]
[WhiteElo "2160"]
[BlackElo "1945"]
[PlyCount "89"]
[EventDate "1990.??.??"]

{3/(5)} 1. d4 Nf6 2. c4 g6 3. Nc3 d5 4. cxd5 Nxd5 5. e4 Nxc3 6. bxc3 Bg7 7. Bc4
O-O 8. Ne2 b6 9. O-O Bb7 10. f3 Nc6 11. Be3 Na5 12. Bd3 e6 13. Qd2 Re8 14. Rae1
Qd7 15. Bh6 Bxh6 16. Qxh6 c5 17. Rd1 cxd4 18. cxd4 Nc6 19. Bb5 Qd6 20. Kh1 Red8
21. Qe3 Ne7 22. Rd2 Rac8 23. Rfd1 Qb4 24. Bd3 Qa3 25. Qg5 Rd7 26. Bb1 Ba6 27.
Ng3 Nc6 28. Nh5 Qe7 29. Nf6+ Kg7 30. e5 Rdd8 31. h4 Qf8 32. Be4 Ne7 33. Ng4 Ng8
34. Kg1 h6 35. Qf4 Qe7 36. h5 g5 37. Qe3 Bb7 38. Bb1 Bd5 39. Qd3 Rc7 40. Qh7+
Kf8 41. Qh8 f5 42. exf6 Qa3 43. Nxh6 Qe3+ 44. Kh1 e5 45. dxe5 1-0

[Event "Lansing (MI Inv/3)"]
[Site "?"]
[Date "1990.??.??"]
[Round "?"]
[White "Rogers, Bradley"]
[Black "Mazuchowski, Tom"]
[Result "1-0"]
[WhiteElo "2225"]
[BlackElo "2240"]
[PlyCount "55"]
[EventDate "1990.??.??"]

1. d4 Nf6 2. c4 g6 3. Nc3 Bg7 4. e4 d6 5. f3 O-O 6. Be3 a6 7. Qd2 Nc6 8. Nge2
Rb8 9. g4 Re8 10. h4 e5 11. d5 Nd4 12. Nxd4 exd4 13. Bxd4 c5 14. dxc6 bxc6 15.
O-O-O c5 16. Bxc5 Qa5 17. Bd4 Bxg4 18. fxg4 Rb4 19. g5 Nxe4 20. Nxe4 Rxe4 21.
Bxg7 Kxg7 22. a3 Rbxc4+ 23. Bxc4 Rxc4+ 24. Kb1 Qf5+ 25. Qd3 Re4 26. Rhf1 Qg4
27. Qc3+ Kg8 28. Rxd6 1-0

[Event "Detroit (MI Op/6/8)"]
[Site "?"]
[Date "1990.??.??"]
[Round "?"]
[White "Rogers, Bradley"]
[Black "Jirjis, Faris"]
[Result "0-1"]
[WhiteElo "2160"]
[BlackElo "2090"]
[PlyCount "120"]
[EventDate "1990.??.??"]

{6/(8)} 1. d4 d5 2. c4 e6 3. Nc3 c5 4. dxc5 d4 5. Nb5 Bxc5 6. Nf3 Nc6 7. e3
Bb4+ 8. Bd2 dxe3 9. fxe3 Bxd2+ 10. Qxd2 Qxd2+ 11. Kxd2 Ke7 12. Nfd4 Bd7 13. Be2
a6 14. Nc3 Ne5 15. g4 Rc8 16. b3 h6 17. Raf1 Nf6 18. Rhg1 g5 19. Rf2 Rhf8 20.
a4 Rcd8 21. Kc2 Bc8 22. h3 Ne8 23. b4 b6 24. Kb3 Bb7 25. Ra1 Nd6 26. c5 bxc5
27. bxc5 Nc8 28. a5 Na7 29. Ra4 Nd7 30. Rb4 Nxc5+ 31. Ka3 Rb8 32. Bf1 Rfc8 33.
Rfb2 Rc7 34. Na4 Nxa4 35. Kxa4 Nb5 36. Nxb5 Bc6 37. Ka3 Bxb5 38. Bxb5 axb5 39.
Rxb5 Rc3+ 40. R2b3 Rxb5 41. Rxc3 Rxa5+ 42. Kb4 Rd5 43. Kc4 Kd6 44. Ra3 Ke5 45.
Ra7 Kf6 46. e4 Rd1 47. Ra4 Kg6 48. e5 h5 49. gxh5+ Kxh5 50. Ra3 Rf1 51. Kc5 Kg6
52. Kd6 Kf5 53. Rd3 Ke4 54. Rg3 Rf5 55. Rg4+ Kf3 56. Rb4 Kg3 57. Rb3+ Rf3 58.
Rxf3+ Kxf3 59. Ke7 Ke4 60. Kf6 Kf4 0-1

[Event "Lansing (MI Inv/2)"]
[Site "?"]
[Date "1990.??.??"]
[Round "?"]
[White "Rogers, Bradley"]
[Black "Finegold, Mark"]
[Result "0-1"]
[WhiteElo "2225"]
[BlackElo "2245"]
[PlyCount "122"]
[EventDate "1990.??.??"]

1. d4 d5 2. Nf3 e6 3. g3 c5 4. Bg2 Nf6 5. O-O Nc6 6. b3 Be7 7. Bb2 O-O 8. Nbd2
Qb6 9. e3 Rd8 10. Qe2 Bd7 11. Rfd1 Rac8 12. c4 cxd4 13. exd4 dxc4 14. Nxc4 Qa6
15. Bf1 Nb4 16. Nfe5 Be8 17. a3 Nbd5 18. Rd2 b5 19. Ne3 Qd6 20. Qd3 Nxe3 21.
fxe3 Nd7 22. Nf3 Nf8 23. e4 Bc6 24. Bg2 a6 25. Rf1 Be8 26. Kh1 Qb6 27. Qe2 a5
28. d5 f6 29. Nd4 Bc5 30. Rfd1 e5 31. Nf5 Bg6 32. Bh3 Rb8 33. Qf3 Bd6 34. Rc1
Bc5 35. Nh4 Be3 36. Rdc2 Bxc1 37. Bxc1 Qd4 38. Nxg6 hxg6 39. Be6+ Nxe6 40. dxe6
Qd1+ 41. Qxd1 Rxd1+ 42. Kg2 Rd6 43. e7 Rd7 44. Bd2 Rxe7 45. Bxa5 Rd7 46. Kf2
Rd3 47. Rb2 Rc8 48. Ke2 Rd4 49. Ke3 Rd1 50. Ke2 Rh1 51. Ke3 Rcc1 52. Bb4 Rb1
53. Rxb1 Rxb1 54. h4 Rxb3+ 55. Kf2 Kf7 56. Bc5 f5 57. exf5 gxf5 58. h5 Kf6 59.
Bf8 e4 60. Kg2 Rb2+ 61. Kf1 Rh2 0-1

[Event "Detroit (MCO/5/5)"]
[Site "?"]
[Date "1990.??.??"]
[Round "?"]
[White "Rogers, Bradley"]
[Black "Dobbs, Edward"]
[Result "1-0"]
[WhiteElo "2160"]
[BlackElo "1755"]
[PlyCount "107"]
[EventDate "1990.??.??"]

{5/(5)} 1. d4 d5 2. Nf3 Bf5 3. g3 h6 4. Bg2 e6 5. O-O Nf6 6. Nbd2 c5 7. c4 dxc4
8. Nh4 Nc6 9. Nxf5 exf5 10. Qa4 Qd7 11. dxc5 Bxc5 12. Qxc4 Bb6 13. Nb3 O-O 14.
Bf4 Rac8 15. Rad1 Qe6 16. Qxe6 fxe6 17. Bd6 Rf7 18. Bc5 Bxc5 19. Nxc5 e5 20. e3
e4 21. a3 a5 22. Rd2 b6 23. Ne6 Ne5 24. Rfd1 Nd3 25. Bf1 Ne5 26. Rd8+ Rxd8 27.
Rxd8+ Kh7 28. Nf8+ Rxf8 29. Rxf8 Nf3+ 30. Kh1 Ng4 31. Be2 Nxf2+ 32. Kg2 Ng4 33.
Bxf3 exf3+ 34. Kxf3 Kg6 35. h3 Ne5+ 36. Ke2 Nc4 37. Rb8 Kg5 38. b3 Nxa3 39.
Rxb6 Nc2 40. Rb5 Na1 41. e4 g6 42. e5 h5 43. Kd3 h4 44. gxh4+ Kxh4 45. e6 f4
46. e7 f3 47. e8=Q f2 48. Qh8+ Kg3 49. Qxa1 Kh2 50. Ke3 Kg2 51. Rg5+ Kh2 52.
Kxf2 a4 53. Qg1+ Kxh3 54. Qh1# 1-0

[Event "Lansing (MI Inv/5)"]
[Site "?"]
[Date "1990.??.??"]
[Round "?"]
[White "Rogers, Bradley"]
[Black "Cunningham, R."]
[Result "0-1"]
[WhiteElo "2225"]
[BlackElo "2175"]
[PlyCount "154"]
[EventDate "1990.??.??"]

1. d4 Nf6 2. Nf3 g6 3. g3 Bg7 4. Bg2 O-O 5. O-O c6 6. c4 d6 7. Nc3 Qa5 8. e4
Bg4 9. Qb3 Bxf3 10. Bxf3 Qc7 11. Be3 Nbd7 12. Rac1 c5 13. e5 dxe5 14. d5 e4 15.
Nxe4 Nxe4 16. Bxe4 Rab8 17. Rfd1 Qe5 18. Qd3 Qxb2 19. Rc2 Qb6 20. Re2 Rfe8 21.
h4 Qa6 22. f4 b5 23. Rc2 bxc4 24. Qe2 Qa3 25. Bf3 Rb2 26. Rxb2 Qxb2 27. Rd2 Qa3
28. h5 c3 29. Rc2 Rb8 30. Bc1 Rb1 31. Qe1 Qa4 32. Bd1 Qd4+ 33. Kg2 Qxd5+ 34.
Bf3 Qd3 35. Be4 Qd6 36. hxg6 hxg6 37. Qe2 Rb4 38. Bf3 e6 39. Kh2 Bd4 40. Ba3
Rb1 41. Bc1 Nf6 42. a3 Kg7 43. Kg2 e5 44. Qd3 e4 45. Bxe4 Nxe4 46. Qxe4 Qe6 47.
Qxe6 fxe6 48. Kf3 Rb2 49. Re2 Rxe2 50. Kxe2 Kf6 51. g4 e5 52. Kd3 Ke6 53. Ke4
exf4 54. Bxf4 Bf2 55. Kd3 Be1 56. a4 Kd5 57. Bc7 c4+ 58. Kc2 Ke4 59. a5 a6 60.
Bd8 Kf3 61. g5 Ke4 62. Bf6 Bd2 63. Be7 Kf5 64. Bf6 Bxg5 65. Bxg5 Kxg5 66. Kxc3
Kf4 67. Kxc4 g5 68. Kc5 g4 69. Kb6 g3 70. Kxa6 g2 71. Kb7 g1=Q 72. a6 Qg7+ 73.
Kb8 Qf8+ 74. Kb7 Qb4+ 75. Ka8 Qc5 76. Kb7 Qb5+ 77. Ka7 Ke5 0-1

[Event "Detroit (MOR/5/17)"]
[Site "?"]
[Date "1990.??.??"]
[Round "?"]
[White "Rodriguez, Juan"]
[Black "Rostrom, Richard"]
[Result "1-0"]
[WhiteElo "1605"]
[BlackElo "1760"]
[PlyCount "67"]
[EventDate "1990.??.??"]

{5/(17)} 1. e4 c6 2. d4 d5 3. e5 Bf5 4. g4 Bg6 5. h4 h6 6. Bd3 Bxd3 7. Qxd3 e6
8. Nc3 Bb4 9. Bd2 Nd7 10. O-O-O Qa5 11. Nge2 Ne7 12. a3 Bxc3 13. Bxc3 Qc7 14.
f4 O-O-O 15. Bd2 h5 16. f5 hxg4 17. fxe6 fxe6 18. Nf4 Nf8 19. Qg3 Nf5 20. Qxg4
Qf7 21. Rdf1 Nxd4 22. Nd3 Nf5 23. Qa4 Kb8 24. Be3 a6 25. Qa5 Nd7 26. Nb4 Qe7
27. Bg5 Qc5 28. Bxd8 Qxa5 29. Bxa5 Ka7 30. Nd3 Ng3 31. Rf7 Nb8 32. Rh3 Ne2+ 33.
Kd2 Nd4 34. Nc5 1-0

[Event "Detroit (MOR/7/23)"]
[Site "?"]
[Date "1990.??.??"]
[Round "?"]
[White "Rodriguez, Juan"]
[Black "Grossman, Jay"]
[Result "0-1"]
[WhiteElo "1605"]
[BlackElo "1605"]
[PlyCount "50"]
[EventDate "1990.??.??"]

{7/(23)} 1. e4 e6 2. d4 b6 3. c4 Bb7 4. Nc3 Bb4 5. d5 Ne7 6. a3 Bxc3+ 7. bxc3
Ng6 8. Nf3 Na6 9. Be2 O-O 10. O-O Nc5 11. Nd2 Nf4 12. f3 d6 13. Rb1 f5 14. Nb3
Nxe2+ 15. Qxe2 Nxb3 16. Rxb3 exd5 17. cxd5 Qe7 18. Re1 fxe4 19. fxe4 Rf7 20.
Rb1 Raf8 21. Bb2 Rf2 22. Qe3 Qf7 23. Qc1 Qg6 24. g3 Qh5 25. h4 Qf3 0-1

[Event "Flint (Class C/1)"]
[Site "?"]
[Date "1990.??.??"]
[Round "?"]
[White "Rodriguez, Juan"]
[Black "Fletcher, G."]
[Result "1-0"]
[WhiteElo "1605"]
[BlackElo "1605"]
[PlyCount "55"]
[EventDate "1990.??.??"]

1. d4 Nf6 2. c4 d5 3. Nf3 Bf5 4. g3 e6 5. Bg2 dxc4 6. Qa4+ Nc6 7. O-O Be4 8.
Nc3 Bd5 9. Re1 Bb4 10. Bg5 h6 11. Bxf6 Qxf6 12. e4 Bxc3 13. bxc3 b5 14. Qc2 O-O
15. exd5 exd5 16. Ne5 Rfe8 17. Bxd5 Nxe5 18. dxe5 Qd8 19. Bxa8 Qxa8 20. Qe4 c6
21. Rad1 a5 22. Rd7 Qc8 23. Qf5 f6 24. e6 b4 25. Qg6 Qxd7 26. exd7 Rxe1+ 27.
Kg2 Rd1 28. Qe8+ 1-0

[Event "Detroit (MOR/3/40)"]
[Site "?"]
[Date "1990.??.??"]
[Round "?"]
[White "Rodriguez, Juan"]
[Black "Dyer, Todd"]
[Result "1-0"]
[WhiteElo "1605"]
[BlackElo "1605"]
[PlyCount "67"]
[EventDate "1990.??.??"]

{3/(40)} 1. d4 d5 2. c4 e6 3. g3 Nc6 4. cxd5 Qxd5 5. Nf3 Bd6 6. Nc3 Bb4 7. Bg2
Nf6 8. O-O Bxc3 9. bxc3 O-O 10. Ne5 Qd6 11. Nxc6 bxc6 12. Qa4 Bb7 13. Ba3 c5
14. Bxc5 Qd7 15. Qxd7 Nxd7 16. Bxb7 Rfb8 17. Bxa8 Rxa8 18. Ba3 Nb6 19. Rfb1 Nc4
20. Bc1 Re8 21. Rb7 e5 22. Rxc7 exd4 23. Rxc4 dxc3 24. Rxc3 h5 25. Re3 Rc8 26.
Ba3 g6 27. Rd1 Rc2 28. Rd8+ Kg7 29. Bf8+ Kf6 30. Rd6+ Kf5 31. Bg7 Kg4 32. Kg2
h4 33. Rd4+ Kf5 34. Re5# 1-0

[Event "Flint (Class C/5)"]
[Site "?"]
[Date "1990.??.??"]
[Round "?"]
[White "Rodriguez, Juan"]
[Black "Collins, Devontia"]
[Result "1-0"]
[WhiteElo "1605"]
[BlackElo "1605"]
[PlyCount "91"]
[EventDate "1990.??.??"]

1. e4 d5 2. exd5 Qxd5 3. Nc3 Qd8 4. Bc4 Nf6 5. Nf3 g6 6. d4 Bg7 7. Bg5 O-O 8.
Qd2 Bg4 9. Ne5 Bf5 10. f3 Nbd7 11. g4 Nxe5 12. dxe5 Qxd2+ 13. Kxd2 Nxg4 14.
fxg4 Bxg4 15. Rae1 e6 16. Be2 Bxe2 17. Rxe2 c6 18. Rf1 h6 19. Bf6 Bxf6 20. Rxf6
Rad8+ 21. Kc1 Rd7 22. Ne4 Kg7 23. Ref2 b6 24. Nd6 Re7 25. Rd2 Rc7 26. Ne4 c5
27. Rf1 Re8 28. Nf6 Ree7 29. Rfd1 h5 30. h4 Rc8 31. Rd8 Rxd8 32. Rxd8 c4 33.
Rg8+ Kh6 34. Rh8+ Kg7 35. Rh7+ Kf8 36. Rh8+ Kg7 37. Rd8 Rb7 38. Kd2 Kh6 39. Ke3
Rc7 40. Kf4 c3 41. b3 Rc5 42. Rd7 Kg7 43. Rxa7 Rb5 44. Rc7 Rb4+ 45. Rc4 Rb5 46.
b4 1-0

[Event "Detroit (MOR/1a/27)"]
[Site "?"]
[Date "1990.??.??"]
[Round "?"]
[White "Rodriguez, Juan"]
[Black "Cannon, Gregory"]
[Result "1-0"]
[WhiteElo "1605"]
[BlackElo "1605"]
[PlyCount "115"]
[EventDate "1990.??.??"]

1. e4 c5 2. Nf3 d6 3. d4 cxd4 4. Nxd4 Nf6 5. Nc3 a6 6. Bg5 e6 7. Bc4 Be7 8. f4
b5 9. Bb3 b4 10. Bxf6 Bxf6 11. Nce2 O-O 12. a3 Qb6 13. axb4 Qxb4+ 14. Qd2 Qxd2+
15. Kxd2 Rd8 16. c3 e5 17. Bd5 Ra7 18. Nb5 Re7 19. Na3 Bb7 20. Rhb1 Bxd5 21.
exd5 e4 22. Ke3 Nd7 23. Nc4 Nc5 24. b4 Nd3 25. Rxa6 g6 26. Nxd6 Bg7 27. c4 f5
28. c5 Bf8 29. Nd4 Rxd6 30. cxd6 Rd7 31. Ra8 Kf7 32. b5 Bxd6 33. b6 Bxf4+ 34.
Ke2 Rxd5 35. g3 Be5 36. Nc6 Nf4+ 37. gxf4 Bxf4 38. Rd8 Rxd8 39. Nxd8+ Ke8 40.
b7 Kxd8 41. b8=Q+ Bxb8 42. Rxb8+ Ke7 43. Rb7+ Kf6 44. Rxh7 Kg5 45. Ke3 Kf6 46.
Ra7 Kg5 47. Ra6 Kh5 48. Rb6 g5 49. Rb5 Kg4 50. h3+ Kxh3 51. Rxf5 g4 52. Rh5+
Kg2 53. Rg5 g3 54. Kxe4 Kf2 55. Rf5+ Kg2 56. Ke3 Kg1 57. Kf3 g2 58. Rg5 1-0

[Event "Flint (Class C/3)"]
[Site "?"]
[Date "1990.??.??"]
[Round "?"]
[White "Rodriguez, Juan"]
[Black "Cain, B."]
[Result "0-1"]
[WhiteElo "1605"]
[BlackElo "1605"]
[PlyCount "98"]
[EventDate "1990.??.??"]

1. d4 d5 2. c4 c6 3. Nf3 Nf6 4. g3 Bf5 5. Bg2 e6 6. O-O Be7 7. Nc3 O-O 8. Re1
Ne4 9. Nd2 Nxc3 10. bxc3 Bg6 11. f4 f5 12. Qb3 Qb6 13. c5 Qc7 14. Rb1 b5 15.
Ra1 Nd7 16. Nf3 Rfb8 17. a3 Bh5 18. Ng5 Bxg5 19. fxg5 Bf7 20. Bf4 e5 21. Bd2
Nf8 22. dxe5 Ng6 23. Bf4 Nxf4 24. gxf4 Re8 25. Qb4 Be6 26. Qd4 a5 27. a4 bxa4
28. Reb1 Reb8 29. Rb6 Rxb6 30. cxb6 Qb7 31. Rb1 Rb8 32. Qc5 Kf7 33. e3 Qa6 34.
Bf1 Qb7 35. Qxa5 Ra8 36. Qb4 a3 37. Qd6 a2 38. Ra1 Qxb6 39. Qb4 Qxe3+ 40. Kg2
Qa7 41. Bd3 Rb8 42. Qd4 Rb2+ 43. Kg3 c5 44. Qe3 d4 45. cxd4 cxd4 46. Qf3 Qb6
47. Qh5+ Kf8 48. Qxh7 Qb3 49. Qh8+ Bg8 0-1

[Event "Lansing (Jan)"]
[Site "?"]
[Date "1990.??.??"]
[Round "?"]
[White "Robinson, Erik"]
[Black "Cunningham, J."]
[Result "1-0"]
[WhiteElo "1605"]
[BlackElo "1605"]
[PlyCount "84"]
[EventDate "1990.??.??"]

1. e4 e5 2. Nf3 Nc6 3. d4 exd4 4. Bc4 h6 5. Nxd4 Nxd4 6. Qxd4 d6 7. O-O Be6 8.
Bb3 Nf6 9. Nc3 Be7 10. Nd5 c5 11. Ba4+ Bd7 12. Qc4 O-O 13. Nxe7+ Qxe7 14. Bxd7
Qxd7 15. Bf4 b5 16. Qd3 Rae8 17. Bxd6 c4 18. Qd1 Rxe4 19. Bxf8 Kxf8 20. Qxd7
Nxd7 21. Rad1 Nf6 22. Rd2 b4 23. f3 Rf4 24. Rd8+ Ke7 25. Ra8 a6 26. Ra7+ Kf8
27. Rd1 g5 28. Rxa6 g4 29. Rf1 h5 30. fxg4 Rxf1+ 31. Kxf1 Nxg4 32. h3 Ne3+ 33.
Ke2 Nxg2 34. Kf2 Nf4 35. Kg3 Ne2+ 36. Kh4 Nd4 37. Kg5 Nxc2 38. Kf6 Ke8 39. Ke5
Ne3 40. Kd6 f5 41. Ra7 f4 42. Ke6 c3 1-0

[Event "Flint (Class B/3)"]
[Site "?"]
[Date "1990.??.??"]
[Round "?"]
[White "Robinson, Dave"]
[Black "McCarter, Robert"]
[Result "1-0"]
[WhiteElo "1660"]
[BlackElo "1705"]
[PlyCount "113"]
[EventDate "1990.??.??"]

1. c4 Nf6 2. Nf3 e6 3. Nc3 Bb4 4. d4 O-O 5. e3 c5 6. a3 Bxc3+ 7. bxc3 d5 8. Bd3
dxc4 9. Bxc4 b6 10. O-O Bb7 11. Qb3 Qc7 12. Be2 Nbd7 13. c4 Rfd8 14. Bb2 Ne4
15. Rad1 Ndf6 16. dxc5 Nxc5 17. Qc2 Qe7 18. Ng5 h6 19. Bxf6 Qxf6 20. Nf3 Ne4
21. Rd4 Rxd4 22. Nxd4 Nc5 23. f3 Rd8 24. Rd1 Qg5 25. Qc3 Na4 26. Qb3 Qa5 27.
Kf2 Nc3 28. Rd3 Nxe2 29. Nxe2 Rxd3 30. Qxd3 Ba6 31. Nd4 Qc5 32. Nb5 Qe7 33. g3
e5 34. e4 Qc5+ 35. Kg2 Bxb5 36. cxb5 Qd4 37. Qxd4 exd4 38. Kf2 Kf8 39. Ke2 Ke7
40. Kd3 Ke6 41. Kxd4 f6 42. h4 g6 43. g4 g5 44. hxg5 hxg5 45. Ke3 Ke5 46. a4
Ke6 47. f4 Kd6 48. fxg5 fxg5 49. Kd4 Ke6 50. e5 Ke7 51. Kd5 Kd7 52. e6+ Ke8 53.
Kd6 Kd8 54. e7+ Ke8 55. Ke6 a5 56. bxa6 b5 57. a7 1-0